Mawar putih mawar merah

Bibliographic Details
Main Author: Khairuddin Ayip
Format: Book
Published: Kuala Lumpur : DBP , 1993
Subjects:

MARC

LEADER 00000cam a2200000 7i4500
001 0000006290
002 000006792
005 20000330.0
020 |a 9836231781 
090 0 0 |a YF   |b KHA 
100 0 |a Khairuddin Ayip 
245 1 0 |a Mawar putih mawar merah   |c Khairuddin Ayip 
260 |a Kuala Lumpur :   |b DBP ,   |c 1993 
300 |a 183p. ;   |c 18cm. 
650 0 0 |a Children's stories, Malay 
999 |a 039283   |b BUKU   |c YOUTH FICTION   |e PERPUSTAKAAN KOMUNITI PETALING JAYA 
999 |a 039284   |b BUKU   |c PINJAMAN   |e PERPUSTAKAAN KOMUNITI PETALING JAYA